Vyjadrenie IT nákladov v zmysle business hodnoty

Saved in:
Bibliographic Details
Main Author: Záhumenský, Peter
Other Authors: Dugas, Jaroslav, 1967-
Format: Book Chapter
Language:Slovak
Tags: Add Tag
No Tags, Be the first to tag this record!

MARC

LEADER 00000nla a2200000 4500
001 0240140
005 20240502073909.6
041 0 |a slo 
044 |a SK 
245 1 0 |a Vyjadrenie IT nákladov v zmysle business hodnoty 
500 |a Abstrakt 
100 1 |a Záhumenský, Peter 
700 1 |a Dugas, Jaroslav, 1967-